Micronutrients in Hevea nutrition under Sri Lankan conditions (Record no. 46558)

MARC details
000 -LEADER
fixed length control field 00359nam a2200121Ia 4500
100 ## - MAIN ENTRY--AUTHOR NAME
Personal name Yogaratnam N
245 #0 - TITLE STATEMENT
Title Micronutrients in Hevea nutrition under Sri Lankan conditions
260 ## - PUBLICATION, DISTRIBUTION, ETC. (IMPRINT)
Name of publisher International Rubber Conference, 1985, Kuala Lumpur
Year of publication 1985
300 ## - PHYSICAL DESCRIPTION
Number of Pages 639-655
700 ## - ADDED ENTRY--PERSONAL NAME
Personal name Perera AMA
942 ## - ADDED ENTRY ELEMENTS (KOHA)
Koha item type Reprints
Holdings
Withdrawn status Lost status Damaged status Not for loan Home library Current library Date acquired Koha item type
      Reprints RRII Library RRII Library 22/12/2021 Reprints